| 000 | 00294 a2200097 4500 | ||
|---|---|---|---|
| 001 | 90855 | ||
| 082 | _a297.63 WAH | ||
| 090 |
_c43027 _d43027 |
||
| 100 | _aAbdul Waheed Khan | ||
| 245 |
_aHazrat Muhammad Mustafa Sal Lal Laaho Allehi Wa Sallam _bThe Personality of Allah's Last Messenger _hAbdul Waheed Khan |
||
| 942 | _k297.63 WAH | ||
| 999 |
_c325928 _d325928 |
||